Meilleurs pays de tennis de table - Statistiques

Statistiques générales
  • Ce quiz a été pris 1 071 fois
  • Le résultat moyen est 11 sur 20
Statistiques - réponses
or argent bronze toutes Pays % Correct
145 103 159 407 Chine
100%
1 2 5.5 8.5 Taipei chinois
100%
2 3 18 23 France
99%
48 36 73 157 Japon
98%
5 16.5 21.5 43 Allemagne
91%
5 15 43 63 Corée du Sud
82%
9.5 2 20 31.5 Etats-Unis
72%
13 15 12.5 40.5 Suède
69%
15 30 61 106 Royaume-Uni
60%
4 9 13 26 Corée du Nord
52%
0 2 1 3 Belgique
37%
0 3.5 7.5 11 Pologne
34%
68 58.5 75.5 202 Hongrie
28%
16.5 10.5 19 46 Roumanie
28%
6 15.5 35.5 57 Autriche
27%
3 4 7 14 Union soviétique
25%
1 2 5 8 Singapour
22%
0 2 22.5 24.5 Hong Kong
21%
3 11 13.5 27.5 Yougoslavie
18%
28 34.5 59 121.5 République tchèque
17%
Aucun quiz correspondant
Distribution des résultats
% des personnes avec chaque résultat
Percentile par nombre de réponses
Votre historique - résultats
Vous n’avez pas pris ce quiz